Mikropočítačový lexikon /

Salvato in:
Dettagli Bibliografici
Autore principale: Šatánek, Aleš (Autore)
Natura: Libro
Pubblicazione: Praha : Státní pedagogické nakladatelství, 1987
Tags: Aggiungi Tag
Nessun Tag, puoi essere il primo ad aggiungerne!!

MARC

LEADER 00000nam a22000003a 4500
001 stu15567
005 20150617225702.3
008 ------s1987----cs----------------------d
040 |a STU  |b slo 
041 0
044 |a cs 
080 |a 681.326.32 
100 1 |a Šatánek, Aleš  |4 aut 
245 1 |a Mikropočítačový lexikon /  |c [aut.]Šatánek,Aleš 
260 |a Praha :  |b Státní pedagogické nakladatelství,  |c 1987 
300 |a 175 s 
996 |b C80547  |c C*80547  |l CCXIV  |s P  |a 0  |w stu15567_0001